000 00327nam a22001457a 4500
005 20160620140428.0
008 160620b xxu||||| |||| 00| 0 eng d
020 _a0-582-85474-1
041 _aeng
082 _b8547
245 _aDictionary of Contemporary English
260 _bLongman
_c2003
300 _a1922
942 _cBK
999 _c3275
_d3274